Statistics for NBA Active Top 50: playoff free throw %

Click here to take the quiz!

General Stats

  • This quiz has been taken 9 times
  • The average score is 42 of 50

Answer Stats

TeamPlayerFT%% Correct
PHXChris Paul84.68
100%
PORDamian Lillard87.95
100%
SASDeMar DeRozan85.10
100%
UTADonovan Mitchell88.06
100%
HOUEric Gordon83.66
100%
CHAGordon Hayward94.96
100%
DENJamal Murray90.00
100%
BKNJames Harden86.55
100%
BOSJayson Tatum81.47
100%
MIAJimmy Butler84.10
100%
NOPJ.J. Redick87.95
100%
MILJrue Holiday80.65
100%
BOSKemba Walker86.57
100%
BKNKevin Durant86.43
100%
MILKhris Middleton84.42
100%
GSWKlay Thompson84.06
100%
BKNKyrie Irving87.90
100%
GSWStephen Curry90.60
100%
LALAnthony Davis83.87
89%
WASBradley Beal82.29
89%
TORFred VanVleet81.25
89%
DENGary Harris83.33
89%
LACKawhi Leonard83.94
89%
CLEKevin Love85.41
89%
SASPatty Mills80.00
89%
LACPaul George81.94
89%
WASRussell Westbrook82.88
89%
PHITobias Harris84.48
89%
MIATyler Herro87.04
89%
UTABojan Bogdanovic80.30
78%
MILBrook Lopez83.46
78%
ATLDanilo Gallinari87.04
78%
OKCGeorge Hill80.24
78%
BOSJeff Teague85.60
78%
HOUJohn Wall82.19
78%
SASLaMarcus Aldridge82.40
78%
LACLou Williams80.54
78%
LAC / DETNicolas Batum / Jerami Grant80.00
78%
WASRobin Lopez80.33
78%
CHATerry Rozier80.85
78%
PORCarmelo Anthony82.45
67%
LALDennis Schroder81.82
67%
DETDerrick Rose83.84
67%
LALMarc Gasol80.81
67%
DENNikola Jokic84.08
67%
LACReggie Jackson89.29
67%
LALWesley Matthews80.92
67%
LALMarkieff Morris81.36
56%
MILD.J. Augustin87.37
44%
LACPatrick Patterson85.19
22%

Score Distribution

Percentile by Number Answered

Percent of People with Each Score

Your Score History

You have not taken this quiz